Života sladké hořkosti

Bibliographic Details
Main Author: Baarová, Lída, 1914-2000 (Author)
Format: Book
Language:Czech
PhysicalDescription:242 s. ilustr., portr. 21 cm
Published: Ostrava Sfinga 1991
ISBN:8090057853
Edition:1. vyd.
Subjects:

MARC

LEADER 00000cam a2200000 a 4500
001 vtls001130163
003 SK-MaSNL
005 20260301194125.0
008 250414s1991 xr ac grh 00001acze
020 |a 8090057853  |q (viaz.) 
035 |a SNK000073013 
040 |a SNK  |b slo  |c SNK  |e AACR2 
041 0 |a cze 
043 |a e-xr--- 
044 |a xr  |c CZ 
072 7 |a 791/793  |x Divadlo, film, tanec (všeobecne)  |2 konspekt 
072 7 |a 929  |x Biografie  |2 konspekt 
080 |a 929 Baarová, L.  |2 1981 
080 |a 791.43(437.1)(091) Baarová, L.  |2 1981 
080 |a 885.0-94  |2 1981 
080 |a 791.635-055.2  |2 2011 
080 |a (437.3)  |2 2011 
080 |a (092)  |2 2011 
100 1 |a Baarová, Lída,  |d 1914-2000  |4 aut  |9 144316 
245 1 0 |a Života sladké hořkosti  |c Lída Baarová 
250 |a 1. vyd. 
260 |a Ostrava  |b Sfinga  |c 1991 
300 |a 242 s.  |b ilustr., portr.  |c 21 cm 
600 1 7 |a Baarová, Lída,  |d 1914-2000  |2 SNKMA  |9 144316 
648 7 |a 20. storočie  |2 SNKPH  |9 278343 
648 7 |a 1914-1990  |2 SNKPH  |9 515815 
650 0 7 |a filmové herečky  |2 SNKPH  |9 1133 
651 7 |a Česko  |2 SNKPHgeo  |9 16753 
655 7 |a autobiografie  |2 SNKPH  |9 70280 
852 |a Slovenská národná knižnica 
919 |a 80-900578-5-3 
954 |a beletria cudzojazyčná (svetová)  |2 lita 
958 |a OND 
958 |a TL 
958 |a BC 
958 |a CZ 
958 |a LX 
999 |c 880621  |d 882551 
952 |t P60, <04>, [BOOK], {604}  |a SNK  |b SNK  |y NEVYP  |7 0  |p 17A0027067  |o snkIC 119139 D1  |0 0  |1 1  |4 0  |d 1996-12-16  |l 0  |r 2005-01-01 00:00:00  |w 2026-02-24